000 00581nam a2200181Ia 4500
008 090124s9999 xx 000 0 und d
082 _b27461
100 _aटेपाऴे कु. प्रतिभा
245 _a रंगसूत्रे
250 _a1
260 _bनीहारा प्रकाशन
_c1988
300 _a84
600 _aटेपाऴे कु. प्रतिभा
630 _a रंगसूत्रे
700 _aटेपाऴे कु. प्रतिभा
730 _a रंगसूत्रे
942 _cBOOK
999 _c95681
_d95681